00398nam a2200133Ia 4500008004100000041001200041082001700053100003100070245002700101260004100128300001400169400005400183650002700237231217s9999 xx 000 0 und d aEnglish a005.276 LYN aLynch, Nancy AGray, Jim ed 0aDistributed algorithms c1996bMorgan KaufmannaSan Francisco axxiii+872 aMorgan Kaufmann series in data management systems aDistributed,algorithms